000 00243nam a22001217a 4500
041 _aENG
100 _aSachdeva.S.K
245 _aYear Book 2000
260 _aNew Delhi
_bCompetition Review
_c2000
300 _a806
650 _aGAE
856 _uGAE
999 _c677
_d677